000 nmm a22 7a 4500
999 _c65279
_d65279
008 191027s2015 ua a||fqsmd|| 00| 0engg d
040 _aEAL
_cEAL
041 _aeng
_bara
090 _aCD-5772
100 1 _aEl-Shafei, Wael Kamal Mohamed
_929278
245 1 0 _aStudies on efficiency of certain methyl bromide alternatives against Ephestia Cautella (Walker) Lepidoptera: Pyralidae
_h[electronic resource] /
_c Wael Kamal Mohamed El-Shafei
246 1 5 _aدراسات عن فاعلية بعض بدائل غاز بروميد الميثايل لمكافحة دودة البلح العامرى
260 0 _c2015.
347 _a text file
_b PDF
502 _aThesis (Ph.D.) -- Benha University, 2015.
504 _aIncludes bibliographical references (Leaves 173-195)
538 _aSystems requirements : Adobe Reader
546 _aSummary in Arabic
650 0 _aDate palm
_zEgypt
_929279
650 0 _aDate palm
_xDiseases and pests
_vControl
_929280
650 0 _aBromomethane
_914090
650 0 _aLepidoptera
_xBiological control
_929281
856 4 0 _uhttp://nile.enal.sci.eg/thesis/5772.pdf
_zContent & Abstract
910 _aname: Rasha
942 _2alc
_cE-Thesis